[Event "Sao Jose dos Pinhais U2200"]
[Site "Sao Jose dos Pinhais"]
[Date "2019.05.24"]
[Round "2"]
[White "Sarda, Pedro Sada"]
[Black "Klein, Luan Carlos"]
[Result "1-0"]
[WhiteElo "1474"]
[BlackElo "1878"]
[PlyCount "99"]
[EventDate "2019.05.24"]
[EventType "swiss"]
[EventRounds "7"]
[EventCountry "BRA"]
[SourceTitle "EXT 2020"]
[Source "ChessBase"]
[SourceDate "2019.10.17"]
[SourceVersion "1"]
[SourceVersionDate "2019.10.17"]
[SourceQuality "1"]

1. e4 e6 2. d4 d5 3. Nc3 Nf6 4. Bg5 dxe4 5. Nxe4 Be7 6. Bxf6 gxf6 7. Nf3 f5 8. Ned2 a6 9. c3 b5 10. Be2 Bb7 11. Qc2 Nd7 12. Nb3 Rg8 13. Rg1 Be4 14. Qd2 Rb8 15. Kf1 Bd6 16. h3 Qf6 17. Rd1 Nb6 18. Nc5 Ra8 19. Nd3 Nc4 20. Qc1 Ke7 21. b3 Nb6 22. Nde5 Nd7 23. Nxd7 Kxd7 24. c4 c6 25. Ne5+ Ke7 26. f3 Bxe5 27. dxe5 Qxe5 28. fxe4 fxe4 29. Qe3 c5 30. g3 b4 31. Qf4 Qxf4+ 32. gxf4 Rxg1+ 33. Kxg1 f5 34. Kf2 Rg8 35. Ra1 h6 36. a3 a5 37. axb4 axb4 38. Ra5 Kd6 39. Ra6+ Kd7 40. Bh5 Rf8 41. Ra7+ Kd6 42. Rh7 Rf6 43. Be8 e5 44. Rd7+ Ke6 45. Rd5 exf4 46. Bd7+ Ke7 47. Bxf5 e3+ 48. Kf3 Ra6 49. Kxf4 Ra3 50. Re5+ 1-0

[Event "Curitiba Fexpar op 1st"]
[Site "Curitiba"]
[Date "2018.11.04"]
[Round "6"]
[White "Klein, Luan Carlos"]
[Black "Lopes, Marcelo Ferreira"]
[Result "1-0"]
[WhiteElo "1838"]
[BlackElo "1999"]
[PlyCount "49"]
[EventDate "2018.11.02"]
[EventType "swiss"]
[EventRounds "7"]
[EventCountry "BRA"]
[SourceTitle "EXT 2020"]
[Source "ChessBase"]
[SourceDate "2019.10.17"]
[SourceVersion "1"]
[SourceVersionDate "2019.10.17"]
[SourceQuality "1"]

1. e4 e6 2. Nc3 d5 3. Nf3 Nf6 4. e5 Nfd7 5. d4 a6 6. Bd3 c5 7. dxc5 Nxc5 8. 0-0 Be7 9. Bf4 Nxd3 10. Qxd3 0-0 11. Rad1 Nc6 12. a3 f6 13. exf6 Bxf6 14. Bg3 Qb6 15. b4 Bd7 16. Rfe1 Bxc3 17. Qxc3 a5 18. Qd3 Ne7 19. Qd4 Qxd4 20. Nxd4 Kf7 21. b5 Rac8 22. Rd3 Rfe8 23. a4 Rc4 24. Nf3 Rxc2 25. Ne5+ 1-0

[Event "Curitiba Fexpar op 1st"]
[Site "Curitiba"]
[Date "2018.11.02"]
[Round "2"]
[White "Klein, Luan Carlos"]
[Black "Mafra, Kaiser Luiz"]
[Result "0-1"]
[WhiteElo "1838"]
[BlackElo "2106"]
[PlyCount "66"]
[EventDate "2018.11.02"]
[EventType "swiss"]
[EventRounds "7"]
[EventCountry "BRA"]
[SourceTitle "EXT 2020"]
[Source "ChessBase"]
[SourceDate "2019.10.17"]
[SourceVersion "1"]
[SourceVersionDate "2019.10.17"]
[SourceQuality "1"]

1. e4 c5 2. Nc3 g6 3. g3 Bg7 4. Bg2 Nc6 5. f4 d6 6. d3 Rb8 7. Nf3 e6 8. 0-0 Nge7 9. Be3 Nd4 10. Qd2 0-0 11. Nd1 b5 12. c3 Nxf3+ 13. Bxf3 Bb7 14. d4 Qc7 15. g4 f5 16. gxf5 gxf5 17. e5 dxe5 18. fxe5 Nd5 19. Bg2 Kh8 20. Bf4 Nxf4 21. Qxf4 Bxg2 22. Kxg2 Rg8 23. Kh1 Bh6 24. Qf3 cxd4 25. cxd4 Rg4 26. d5 Rf4 27. d6 Qc4 28. Ne3 Rxf3 29. Nxc4 Rxf1+ 30. Rxf1 bxc4 31. h4 Bg7 32. Rxf5 exf5 33. e6 Bf8 0-1

[Event "Concordia op 4th"]
[Site "Concordia"]
[Date "2018.06.30"]
[Round "4"]
[White "Klein, Luan Carlos"]
[Black "Kropff, Ricardo"]
[Result "1/2-1/2"]
[WhiteElo "1830"]
[BlackElo "2224"]
[PlyCount "35"]
[EventDate "2018.06.29"]
[EventType "swiss"]
[EventRounds "6"]
[EventCountry "BRA"]
[SourceTitle "EXT 2019"]
[Source "ChessBase"]
[SourceDate "2018.10.10"]
[SourceVersion "1"]
[SourceVersionDate "2018.10.10"]
[SourceQuality "1"]

1. d4 Nf6 2. Nf3 g6 3. Bf4 Bg7 4. e3 0-0 5. Bd3 c5 6. c3 d6 7. 0-0 Qb6 8. Qb3 Be6 9. Qxb6 axb6 10. Nbd2 Nc6 11. a3 Nh5 12. Bg3 Nxg3 13. hxg3 Rfc8 14. Ng5 Bd7 15. Nc4 Ra6 16. Nd2 Raa8 17. Nc4 Ra6 18. Nd2 1/2-1/2

[Event "Florianopolis op 4th"]
[Site "Florianopolis"]
[Date "2018.01.20"]
[Round "2"]
[White "Predebon, Eduardo Angonesi"]
[Black "Klein, Luan Carlos"]
[Result "1/2-1/2"]
[WhiteElo "1899"]
[BlackElo "1737"]
[PlyCount "72"]
[EventDate "2018.01.19"]
[EventType "swiss"]
[EventRounds "10"]
[EventCountry "BRA"]
[SourceTitle "CBM 182 Extra"]
[Source "ChessBase"]
[SourceDate "2018.02.23"]
[SourceVersion "1"]
[SourceVersionDate "2018.02.23"]
[SourceQuality "1"]

1. e4 c5 2. Nf3 d6 3. d4 cxd4 4. Nxd4 Nf6 5. Nc3 g6 6. Be3 Bg7 7. f3 a6 8. Bc4 b5 9. Bb3 Nbd7 10. Qd2 Bb7 11. 0-0-0 Rc8 12. g4 Nc5 13. h4 Qa5 14. Kb1 b4 15. Nd5 Bxd5 16. Bxd5 Nxd5 17. exd5 Na4 18. Nb3 Qc7 19. Bd4 Bxd4 20. Nxd4 a5 21. Rde1 Nb6 22. h5 Rf8 23. hxg6 hxg6 24. Qd3 Qc4 25. Nc6 Rc7 26. Re4 Qxd3 27. cxd3 Nxd5 28. Nxa5 Kd7 29. Nc4 Ra8 30. Rd4 e6 31. Rxd5 Rxc4 32. Rxd6+ Kxd6 33. dxc4 Kc5 34. b3 Rd8 35. Kc2 Ra8 36. Kb2 Rd8 1/2-1/2

[Event "BRA-ch U18"]
[Site "Itajai"]
[Date "2017.06.02"]
[Round "3"]
[White "Klein, Luan Carlos"]
[Black "Da Silva Junior, Marco Aurelio"]
[Result "1/2-1/2"]
[WhiteElo "1779"]
[BlackElo "1712"]
[PlyCount "48"]
[EventDate "2017.06.01"]
[EventType "swiss"]
[EventRounds "6"]
[EventCountry "BRA"]
[SourceTitle "CBM 179 Extra"]
[Source "ChessBase"]
[SourceDate "2017.08.23"]
[SourceVersion "1"]
[SourceVersionDate "2017.08.23"]
[SourceQuality "1"]

1. e4 c5 2. Nc3 e6 3. g3 Nc6 4. Bg2 a6 5. f4 d5 6. d3 Nge7 7. Nf3 g6 8. 0-0 Bg7 9. Qe2 0-0 10. Nd1 b5 11. c3 Bb7 12. Nh4 d4 13. f5 exf5 14. exf5 Nd5 15. fxg6 hxg6 16. Nxg6 Re8 17. Qf3 Nf6 18. Nh4 Rb8 19. Bg5 Ne5 20. Qf5 Bc8 21. Qf4 Rb6 22. Be4 dxc3 23. bxc3 Nxd3 24. Qf3 Ne5 1/2-1/2

[Event "Catarinense-ch"]
[Site "Blumenau"]
[Date "2017.05.20"]
[Round "3"]
[White "Klein, Luan Carlos"]
[Black "Da Silva, Vinicius Rodrigues"]
[Result "1-0"]
[WhiteElo "1817"]
[BlackElo "1776"]
[PlyCount "35"]
[EventDate "2017.05.19"]
[EventType "swiss"]
[EventRounds "6"]
[EventCountry "BRA"]
[SourceTitle "CBM 178 Extra"]
[Source "ChessBase"]
[SourceDate "2017.06.22"]
[SourceVersion "1"]
[SourceVersionDate "2017.06.22"]
[SourceQuality "1"]

1. e4 e5 2. f4 Nc6 3. Nf3 Bd6 4. Bc4 Nh6 5. 0-0 0-0 6. fxe5 Nxe5 7. Nxe5 Bxe5 8. d4 Bd6 9. e5 Bb4 10. c3 Be7 11. Bxh6 gxh6 12. Qh5 Qe8 13. Qxh6 d6 14. Rf3 Bg4 15. Rg3 Qd7 16. e6 fxe6 17. Rxg4+ Kh8 18. Qg7# 1-0

[Event "Florianopolis op 3rd"]
[Site "Florianopolis"]
[Date "2017.01.22"]
[Round "4"]
[White "Klein, Luan Carlos"]
[Black "Gazola, Vanessa Ramos"]
[Result "1/2-1/2"]
[WhiteElo "1784"]
[BlackElo "2056"]
[PlyCount "118"]
[EventDate "2017.01.20"]
[EventType "swiss"]
[EventRounds "10"]
[EventCountry "BRA"]
[SourceTitle "CBM 176 Extra"]
[Source "ChessBase"]
[SourceDate "2017.03.02"]
[SourceVersion "1"]
[SourceVersionDate "2017.03.02"]
[SourceQuality "1"]

1. e4 c5 2. d4 cxd4 3. c3 g6 4. Nf3 a6 5. a4 Bg7 6. Bc4 e6 7. 0-0 Ne7 8. Bg5 f6 9. Bh4 0-0 10. cxd4 d5 11. exd5 exd5 12. Bb3 Be6 13. Re1 Bf7 14. Nc3 Nbc6 15. Rc1 Qd7 16. Bg3 Nf5 17. Bf4 Rfe8 18. Qd2 Rxe1+ 19. Rxe1 g5 20. Bg3 h5 21. h3 Nxg3 22. fxg3 Rd8 23. Kh1 Qc7 24. Qf2 Nb4 25. Rf1 Nd3 26. Qd2 Nb4 27. Qf2 Rd7 28. Nh2 Nc6 29. g4 h4 30. Nf3 Nb4 31. Nd2 Nd3 32. Qf3 Nf4 33. Ne2 Nxe2 34. Qxe2 Qb6 35. Qd3 Re7 36. Rc1 Re8 37. Nf1 Qe6 38. Rc5 Qe4 39. Bc2 Qxd3 40. Bxd3 Bf8 41. Rc7 Re7 42. Rxe7 Bxe7 43. Kg1 Bd8 44. Kf2 Kf8 45. Nd2 Ke7 46. Nb1 Kd6 47. Ke2 Be6 48. Nc3 Bd7 49. b3 Ba5 50. Nd1 Kc6 51. Bf5 Be8 52. Ne3 Bf7 53. Nc2 Bc7 54. Kd3 a5 55. Na3 Bd6 56. Nb5 Bg3 57. Bc8 Bg6+ 58. Bf5 Be8 59. Nc3 Bf7 1/2-1/2

[Event "Santa Catarina-ch sf1"]
[Site "Sao Bento do Sul"]
[Date "2016.03.04"]
[Round "1"]
[White "Carneiro, Vitor Roberto Castr"]
[Black "Klein, Luan Carlos"]
[Result "1-0"]
[WhiteElo "2406"]
[BlackElo "1695"]
[PlyCount "93"]
[EventDate "2016.03.04"]
[EventType "swiss"]
[EventRounds "6"]
[EventCountry "BRA"]
[SourceTitle "EXT 2018"]
[Source "ChessBase"]
[SourceDate "2017.10.13"]
[SourceVersion "1"]
[SourceVersionDate "2017.10.13"]
[SourceQuality "1"]

1. d4 e6 2. Nf3 d5 3. Bf4 Nf6 4. e3 Be7 5. Nc3 a6 6. Bd3 0-0 7. 0-0 c5 8. dxc5 Bxc5 9. e4 dxe4 10. Nxe4 Nxe4 11. Bxe4 Qxd1 12. Rfxd1 Nd7 13. Bxb7 Bxb7 14. Rxd7 Bd5 15. b3 Rfd8 16. Rxd8+ Rxd8 17. Rd1 Rc8 18. c4 Be4 19. Be3 Be7 20. Rd7 Rd8 21. Rxd8+ Bxd8 22. b4 Bd3 23. Ne5 Be4 24. f3 Bb7 25. a4 f6 26. Nd3 e5 27. b5 axb5 28. axb5 Kf7 29. c5 Ke7 30. Nb4 Ba5 31. c6 Bc8 32. b6 Bxb4 33. b7 Bxb7 34. cxb7 Bd6 35. Ba7 Ke6 36. b8Q Bxb8 37. Bxb8 h5 38. Kf2 g5 39. Ke3 Kd5 40. Bc7 f5 41. h3 Ke6 42. Bd8 g4 43. fxg4 fxg4 44. hxg4 hxg4 45. Ke4 Kd7 46. Bf6 Ke6 47. Bxe5 1-0